=LDR 00000nam 2200000 4500 =001 INLIS000000000016139 =005 20200811085902 =035 ##$$a 0010-061300000016139 =008 200811################g##########0#ind## =041 ##$$a Ind =082 ##$$a 2x7.2 =090 ##$$a 2x7.2, Fir p =100 #$$a Firdaus A.N =245 1#$$a Pelangi dakwah, /$c K.H. Firdaus A.N =260 ##$$a Jakarta :$b Pedoman ilmu jaya,$c 1993 =300 ##$$a ix-136 hlm., ; $c 14 x 21 cm =650 #4$$a Da'wah Islam =850 ##$$a NBPNMAT =084 ##$$a 2x7.2 FIR p =250 ##$$a cet.1 =990 ##$$a 119.489/pro97 =990 ##$$a 00089998 =990 ##$$a DW00026921 =990 ##$$a 121.986/pro.97 =990 ##$$a 119.489/pro97 =990 ##$$a DW00026921